[Event "1st 4NCL International"]
[Site "Telford"]
[Date "2018.11.01"]
[Round "2"]
[Board "10"]
[White "Korneev, Oleg"]
[Black "Kulkarni, Rakesh"]
[Result "1-0"]
[WhiteElo "2560"]
[BlackElo "2297"]
[PlyCount "107"]
[EventDate "2018.10.31"]
[EventRounds "9"]
[EventCountry "ENG"]

1. e4 c5 2. Nf3 e6 3. d4 cxd4 4. Nxd4 a6 5. Bd3 Ne7 6. O-O Nbc6 7. c3 Ng6 8.
Be3 Be7 9. Nd2 O-O 10. Qe2 Qc7 11. f4 e5 12. Nxc6 bxc6 13. f5 Nf4 14. Bxf4 exf4
15. e5 Re8 16. Nc4 f6 17. Qh5 Bc5+ 18. Kh1 Rxe5 19. Nxe5 Qxe5 20. Rae1 Be3 21.
Rxf4 g6 22. Rg4 d5 23. Qh3 Bxf5 24. Bxf5 Qxf5 25. Rg3 Qxh3 26. Rxh3 d4 27. cxd4
Bxd4 28. Re7 Bxb2 29. Rhxh7 f5 30. Ra7 Rd8 31. Rhd7 Re8 32. Re7 Rd8 33. Rad7
Rxd7 34. Rxd7 a5 35. Rc7 a4 36. g3 a3 37. Kg2 Bd4 38. Kf3 Be5 39. Rxc6 Kf7 40.
Ra6 Bb2 41. Ra7+ Kf6 42. h4 Ke6 43. Ra6+ Kf7 44. h5 g5 45. g4 fxg4+ 46. Kxg4
Bc1 47. Kf5 Kg7 48. Rc6 Bd2 49. Rc2 Bf4 50. Rc3 Bd6 51. Kxg5 Be7+ 52. Kf5 Kh6
53. Rc6+ Kxh5 54. Rc7  1-0

[Event "1st 4NCL International"]
[Site "Telford"]
[Date "2018.11.01"]
[Round "2"]
[Board "11"]
[White "Haria, Ravi"]
[Black "White, Stuart A"]
[Result "1-0"]
[WhiteElo "2436"]
[BlackElo "2113"]
[PlyCount "57"]
[EventDate "2018.10.31"]
[EventRounds "9"]
[EventCountry "ENG"]

1. Nf3 d5 2. g3 Bg4 3. Bg2 Nd7 4. h3 Bh5 5. d4 e6 6. O-O Ngf6 7. c4 c6 8. cxd5
exd5 9. Qb3 Qb6 10. Qe3+ Be7 11. Nh4 Bg6 12. Nc3 Qd8 13. b4 b5 14. a4 a5 15.
bxa5 b4 16. Na2 O-O 17. Nxg6 hxg6 18. Bd2 Re8 19. Qb3 Bd6 20. Bxb4 Rb8 21. Qa3
c5 22. dxc5 Be5 23. Rad1 Nf8 24. Nc3 d4 25. Nb5 Ne6 26. a6 Nh5 27. a7 Ra8 28.
Bxa8 Qxa8 29. Qf3  1-0

[Event "1st 4NCL International"]
[Site "Telford"]
[Date "2018.11.01"]
[Round "2"]
[Board "14"]
[White "Wall, Tim P"]
[Black "Clark, Robert G"]
[Result "1/2-1/2"]
[WhiteElo "2253"]
[BlackElo "2025"]
[PlyCount "122"]
[EventDate "2018.10.31"]
[EventRounds "9"]
[EventCountry "ENG"]

1. b3 e5 2. Bb2 Nc6 3. e3 d5 4. Bb5 Bd6 5. f4 Qe7 6. Nf3 f6 7. O-O e4 8. Nd4
Bd7 9. Bxc6 bxc6 10. Qe2 a6 11. c4 Qf7 12. Nc3 Ne7 13. d3 exd3 14. Qxd3 Qg6 15.
e4 c5 16. Nde2 d4 17. Nb1 Bc6 18. Ng3 h5 19. Qe2 h4 20. Nf5 O-O-O 21. Nxd6+
cxd6 22. f5 Qg5 23. Bc1 Qh5 24. Qxh5 Rxh5 25. Nd2 Re8 26. b4 Ba4 27. bxc5 dxc5
28. Ba3 Nc6 29. Bxc5 g6 30. Rae1 gxf5 31. exf5 Rxe1 32. Rxe1 Rxf5 33. Ne4 Kd7
34. Rf1 Ke6 35. Rxf5 Kxf5 36. Nd2 Bc2 37. Kf2 Bd3 38. Bd6 Ne5 39. c5 Ng4+ 40.
Kg1 Bb5 41. h3 Ne3 42. Kf2 Bc6 43. g3 hxg3+ 44. Bxg3 Nd1+ 45. Ke2 Nc3+ 46. Kd3
Nxa2 47. Kxd4 Nc1 48. Bd6 Ne2+ 49. Ke3 Nc3 50. Nb3 Nb5 51. Bg3 Bg2 52. h4 Kg4
53. Be1 f5 54. Na5 f4+ 55. Kf2 Bd5 56. Bd2 Kxh4 57. Bxf4 Kg4 58. Bh2 Na7 59.
Ke3 Kf5 60. Bc7 Ke6 61. Bb6 Kd7  1/2-1/2

[Event "1st 4NCL International"]
[Site "Telford"]
[Date "2018.11.01"]
[Round "3"]
[Board "1"]
[White "Gormally, Daniel W"]
[Black "Krishna, Crg"]
[Result "1/2-1/2"]
[WhiteElo "2482"]
[BlackElo "2445"]
[PlyCount "23"]
[EventDate "2018.10.31"]
[EventRounds "9"]
[EventCountry "ENG"]

1. d4 d5 2. c4 c6 3. Nf3 Nf6 4. Nc3 a6 5. Ne5 g6 6. Bf4 Bg7 7. h3 O-O 8. e3 Be6
9. Be2 dxc4 10. Nxc4 Nbd7 11. O-O Nd5 12. Nxd5  1/2-1/2

[Event "1st 4NCL International"]
[Site "Telford"]
[Date "2018.11.01"]
[Round "3"]
[Board "2"]
[White "Arkell, Keith C"]
[Black "Fernandez, Daniel H"]
[Result "1-0"]
[WhiteElo "2436"]
[BlackElo "2461"]
[PlyCount "61"]
[EventDate "2018.10.31"]
[EventRounds "9"]
[EventCountry "ENG"]

1. d4 d6 2. Nf3 g6 3. c4 Bg7 4. g3 e5 5. Nc3 Nc6 6. dxe5 dxe5 7. Qxd8+ Kxd8 8.
Bg5+ Nge7 9. O-O-O+ Bd7 10. Nd5 f5 11. Nf6 Bxf6 12. Bxf6 Rf8 13. Bxe5 Kc8 14.
Bf4 Be6 15. b3 a5 16. Bg2 a4 17. Kb2 Re8 18. Nd4 Nxd4 19. Rxd4 Bd7 20. Bxb7+
Kxb7 21. Rxd7 Rac8 22. e3 axb3 23. axb3 Ng8 24. Rxh7 Nf6 25. Rg7 Ne4 26. Rd1
Rh8 27. h4 g5 28. Bxg5 Nxf2 29. Rd5 Ne4 30. Bf4 Kb6 31. Rb5+  1-0

[Event "1st 4NCL International"]
[Site "Telford"]
[Date "2018.11.01"]
[Round "3"]
[Board "3"]
[White "Williams, Simon K"]
[Black "Roberson, Peter T"]
[Result "1/2-1/2"]
[WhiteElo "2457"]
[BlackElo "2396"]
[PlyCount "48"]
[EventDate "2018.10.31"]
[EventRounds "9"]
[EventCountry "ENG"]

1. Nf3 Nf6 2. c4 e6 3. b3 d5 4. e3 c5 5. Bb2 Nc6 6. cxd5 exd5 7. Nc3 d4 8. Na4
Be7 9. Bb5 Bd7 10. O-O dxe3 11. dxe3 a6 12. Be2 b5 13. Nc3 O-O 14. a4 b4 15.
Nd5 Nxd5 16. Qxd5 Be6 17. Qe4 Qd5 18. Qb1 Bf5 19. Bc4 Qxc4 20. Qxf5 Qxb3 21.
Bxg7 Kxg7 22. Ng5 Bxg5 23. Qxg5+ Kh8 24. Qf6+ Kg8  1/2-1/2

[Event "1st 4NCL International"]
[Site "Telford"]
[Date "2018.11.01"]
[Round "3"]
[Board "4"]
[White "Hebden, Mark L"]
[Black "Korneev, Oleg"]
[Result "1/2-1/2"]
[WhiteElo "2426"]
[BlackElo "2560"]
[PlyCount "38"]
[EventDate "2018.10.31"]
[EventRounds "9"]
[EventCountry "ENG"]

1. d4 d5 2. Nf3 Nf6 3. c4 e6 4. Bg5 dxc4 5. Qa4+ Nbd7 6. e4 Be7 7. Nbd2 O-O 8.
Bxc4 c5 9. e5 Nd5 10. Bxe7 Nxe7 11. Bd3 Nc6 12. O-O Nxd4 13. Nxd4 cxd4 14. Nf3
b6 15. Qc6 Rb8 16. Qe4 g6 17. Qxd4 Nc5 18. Be2 Bb7 19. Rfd1 Bxf3  1/2-1/2

[Event "1st 4NCL International"]
[Site "Telford"]
[Date "2018.11.01"]
[Round "3"]
[Board "5"]
[White "Turner, Matthew J"]
[Black "Guha, Chirag"]
[Result "1-0"]
[WhiteElo "2536"]
[BlackElo "1849"]
[PlyCount "43"]
[EventDate "2018.10.31"]
[EventRounds "9"]
[EventCountry "ENG"]

1. Nf3 d5 2. g3 Nf6 3. Bg2 c6 4. O-O Bg4 5. d3 Nbd7 6. Nbd2 e5 7. h3 Bh5 8. e4
Bd6 9. g4 Bg6 10. Nh4 Nxe4 11. Nxe4 dxe4 12. dxe4 Qxh4 13. Qxd6 h5 14. g5 O-O-O
15. f3 f6 16. Be3 Bf7 17. Rfd1 fxg5 18. Qe7 Rhf8 19. Rxd7 Rxd7 20. Qxf8+ Kc7
21. Bxa7 g4 22. Qb8#  1-0

[Event "1st 4NCL International"]
[Site "Telford"]
[Date "2018.11.01"]
[Round "3"]
[Board "6"]
[White "Pert, Richard G"]
[Black "Gonda, Laszlo"]
[Result "1/2-1/2"]
[WhiteElo "2408"]
[BlackElo "2528"]
[PlyCount "41"]
[EventDate "2018.10.31"]
[EventRounds "9"]
[EventCountry "ENG"]

1. e4 e5 2. Nf3 Nc6 3. Bc4 Bc5 4. c3 Nf6 5. d4 exd4 6. cxd4 Bb4+ 7. Nbd2 Nxe4
8. d5 Ne7 9. O-O Bxd2 10. Nxd2 Nd6 11. Bb3 O-O 12. Nf3 Ng6 13. Bg5 f6 14. Be3
b6 15. Re1 Bb7 16. Rc1 Re8 17. h4 Rc8 18. Nd4 Kh8 19. h5 Ne5 20. h6 g6 21. Bf4
 1/2-1/2

[Event "1st 4NCL International"]
[Site "Telford"]
[Date "2018.11.01"]
[Round "3"]
[Board "8"]
[White "Eggleston, David J"]
[Black "Haria, Ravi"]
[Result "0-1"]
[WhiteElo "2406"]
[BlackElo "2436"]
[PlyCount "70"]
[EventDate "2018.10.31"]
[EventRounds "9"]
[EventCountry "ENG"]

1. e4 e6 2. d4 d5 3. Nc3 dxe4 4. Nxe4 Bd7 5. Nf3 Bc6 6. Bd3 Nd7 7. O-O Ngf6 8.
Ng3 g6 9. Qe2 Bxf3 10. Qxf3 c6 11. h4 h5 12. Ne2 Bg7 13. Nf4 O-O 14. Bxg6 fxg6
15. Nxe6 Qb6 16. Nxf8 Rxf8 17. Qb3+ Nd5 18. c4 Ne7 19. Bg5 Nf5 20. d5 Bd4 21.
Rad1 Qxb3 22. axb3 Ng3 23. Rd2 Re8 24. dxc6 bxc6 25. Rfd1 c5 26. b4 Re4 27.
bxc5 Nxc5 28. Kh2 Nf5 29. f3 Be5+ 30. Kh3 Rxc4 31. Rd8+ Kh7 32. Rc8 Nd3 33. g4
Nf2+ 34. Kg2 Nxd1 35. Rxc4 Nfe3+  0-1

[Event "1st 4NCL International"]
[Site "Telford"]
[Date "2018.11.01"]
[Round "3"]
[Board "9"]
[White "Fodor, Tamas Jr"]
[Black "Ferrington, Nigel M"]
[Result "1-0"]
[WhiteElo "2520"]
[BlackElo "2130"]
[PlyCount "67"]
[EventDate "2018.10.31"]
[EventRounds "9"]
[EventCountry "ENG"]

1. d4 d5 2. c4 e6 3. Nc3 c5 4. cxd5 exd5 5. Nf3 Nc6 6. g3 Nf6 7. Bg2 Be7 8. O-O
O-O 9. dxc5 Bxc5 10. a3 h6 11. b4 Bb6 12. Bb2 Re8 13. Rc1 Bg4 14. Na4 Ne4 15.
Nxb6 Qxb6 16. Qxd5 Rad8 17. Qc4 Bxf3 18. exf3 Nd2 19. Qc3 Nd4 20. Rfe1 Re2 21.
Kh1 Rxf2 22. Re3 N2b3 23. Rce1 Rc2 24. Qd3 Qg6 25. Bxd4 Nxd4 26. f4 f5 27. Re5
Qf7 28. g4 Qa2 29. Qh3 Ne2 30. g5 Nxf4 31. Qxf5 g6 32. Re8+ Rxe8 33. Rxe8+ Kh7
34. Qd7+  1-0